000 00220 a2200097 4500
001 42871
100 _aBurke S.M
245 _aPakistan foreign policy
260 _aKarachi
_bOxford Univ press
_c
090 _c26761
_d26761
942 _aNUST-CAE
_cM
_c18626
999 _c277944
_d277944